All Condor Destinations (2023) - Statistics

General Stats
  • This quiz has been taken 140 times
  • The average score is 53 of 98
Answer Stats
Hint Answer % Correct
Austria Vienna
94%
Canada Toronto
93%
Canada Vancouver
93%
Armenia Yerevan
83%
Cuba Havana
82%
Barbados Bridgetown
81%
South Africa Cape Town
81%
Switzerland Zurich
81%
UAE Dubai (DWC)
80%
Croatia Split
80%
Lebanon Beirut
77%
Germany Frankfurt
77%
South Africa Johannesburg
77%
United States Los Angeles
77%
Germany Munich
77%
UAE Abu Dhabi
76%
Germany Hamburg
76%
Maldives Male
76%
United States New York (JFK)
76%
Turkey Antalya
74%
Croatia Dubrovnik
74%
Canada Edmonton
74%
Greece Athens
73%
United States Boston
73%
Malta Malta
73%
Mexico Cancun
71%
Spain Palma de Mallorca
71%
Dominican Republic Santo Domingo
71%
Georgia Tbilisi
71%
United States San Francisco
70%
Germany Dusseldorf
69%
Spain Ibiza
69%
United States Seattle
69%
Turkey Istanbul
68%
Spain Las Palmas
68%
Mauritius Mauritius
67%
Germany Stuttgart
67%
Spain Malaga
65%
Spain Tenerife
65%
Portugal Funchal
64%
Canada Halifax
64%
Greece Heraklion
64%
Dominican Republic Punta Cana
64%
Tanzania Zanzibar
64%
Cyprus Larnaca
63%
France Nice
63%
Portugal Faro
62%
Jamaica Montego Bay
61%
Greece Rhodes
61%
Grenada Grenada
60%
United States Las Vegas
58%
Egypt Hurghada
57%
Germany Leipzig
57%
Germany Nuremburg
57%
Italy Venice
57%
Spain Alicante
56%
Greece Corfu
56%
Kenya Mombasa
55%
Greece Kos
54%
United States Portland
52%
Greece Chania
48%
Spain Fuerteventura
46%
Greece Zakynthos
45%
Spain Lanzarote
44%
Cuba Varadero
44%
Trinidad and Tobago Tobago
43%
United States Phoenix
42%
Canada Whitehorse
40%
Greece Kefalonia
39%
United States Minneapolis
39%
Croatia Rijeka
39%
United States Baltimore
38%
Seychelles Mahe
38%
Dominican Republic Puerto Plata
36%
United States Anchorage
35%
Greece Kalamata
32%
Cuba Holguin
31%
Spain Jerez de la Frontera
31%
Italy Olbia
31%
Dominican Republic La Romana
29%
Italy Lamezia Terme
26%
Greece Skiathos
26%
France Fort-de-France
25%
France Pointe-a-Pitre
24%
Egypt Giza
23%
Iceland Akureyri
21%
United States Fairbanks
21%
Greece Samos
19%
Greece Kavala
18%
Germany Friedrichshafen
17%
Italy Trieste
17%
Greece Karpathos
14%
Spain Santa Cruz de La Palma
11%
Iraq Sulaymaniyah
11%
Greece Lefkada
8%
China Jinan
7%
China Hefei
6%
Iceland Egilsstaoir
0%
No matching quizzes found
Score Distribution
Percent of People with Each Score
Percentile by Number Answered
Your Score History
You have not taken this quiz